00601nam a2200169 a 450000100100000000500170001000800410002702000150006804000250008310000260010824500770013426000420021130000280025370000270028195201060030899900170041400003819220201002031209.0130321s2000 ve 000 0 spa d a9806412850 aDO-SdBNPbspacBNPHU1 aLedezma, Mriam96455810aNuevo manual de urbanidad de Carren˃o /cMiriam Ledezma, Calos Zavarce. aCaracas :bActualidad Escolar,c2000. a143 p. :bil. ;c27 cm.1 aZavarce, Carlos964559 0010507-18MOaPDbPDcOId2013-03-21iLF1l0o p38192-10r2020-06-25w2020-06-25y1ZNo se presta c37682d37682